[Event "NRW Class1 1617"]
[Site "Germany"]
[Date "2017.03.26"]
[Round "8.3"]
[White "Schulze, Marc Andre"]
[Black "Busch, Christian"]
[Result "0-1"]
[WhiteElo "2155"]
[BlackElo "2140"]
[PlyCount "48"]
[EventDate "2016.09.25"]
[EventType "team-tourn"]
[EventRounds "9"]
[EventCountry "GER"]
[SourceTitle "EXT 2023"]
[Source "ChessBase"]
[SourceDate "2022.10.05"]
[SourceVersion "1"]
[SourceVersionDate "2022.10.05"]
[SourceQuality "1"]
[WhiteTeam "Plettenberg"]
[BlackTeam "Ratingen"]
[WhiteTeamCountry "GER"]
[BlackTeamCountry "GER"]

1. d4 Nf6 2. Bf4 d5 3. Nf3 c5 4. e3 Nc6 5. c3 Qb6 6. Qc2 g6 7. Nbd2 Bg7 8. Bd3 c4 9. Be2 Bf5 10. Qc1 Nh5 11. Be5 f6 12. Bg3 Rc8 13. Bh4 Bh6 14. h3 Bd3 15. Bd1 0-0 16. Nh2 f5 17. Bxh5 gxh5 18. f4 e5 19. fxe5 Nxe5 20. Ndf3 Nxf3+ 21. Nxf3 f4 22. Kf2 fxe3+ 23. Kg1 Rxf3 24. gxf3 Qg6+ 0-1

[Event "NRW Class1 1617"]
[Site "Germany"]
[Date "2017.02.12"]
[Round "6.3"]
[White "Himpenmacher, Andy"]
[Black "Busch, Christian"]
[Result "1-0"]
[WhiteElo "2206"]
[BlackElo "2140"]
[PlyCount "43"]
[EventDate "2016.09.25"]
[EventType "team-tourn"]
[EventRounds "9"]
[EventCountry "GER"]
[SourceTitle "EXT 2023"]
[Source "ChessBase"]
[SourceDate "2022.10.05"]
[SourceVersion "1"]
[SourceVersionDate "2022.10.05"]
[SourceQuality "1"]
[WhiteTeam "Lieme"]
[BlackTeam "Ratingen"]
[WhiteTeamCountry "GER"]
[BlackTeamCountry "GER"]

1. e4 d5 2. exd5 Nf6 3. d4 Nxd5 4. c4 Nb6 5. Nf3 g6 6. Nc3 Bg7 7. c5 N6d7 8. Bc4 0-0 9. Be3 b6 10. Qe2 Bb7 11. 0-0 e6 12. Rfd1 Nf6 13. Bg5 h6 14. d5 exd5 15. Nxd5 Bxd5 16. Bxd5 Qxd5 17. Rxd5 Nxd5 18. Qd2 c6 19. Bxh6 Nd7 20. Bxg7 Kxg7 21. cxb6 axb6 22. Nd4 1-0

[Event "NRW Class1 1617"]
[Site "Germany"]
[Date "2016.11.13"]
[Round "3.3"]
[White "Rosen, Bernd"]
[Black "Busch, Christian"]
[Result "1-0"]
[WhiteElo "2288"]
[BlackElo "2140"]
[PlyCount "65"]
[EventDate "2016.09.25"]
[EventType "team-tourn"]
[EventRounds "9"]
[EventCountry "GER"]
[SourceTitle "EXT 2023"]
[Source "ChessBase"]
[SourceDate "2022.10.05"]
[SourceVersion "1"]
[SourceVersionDate "2022.10.05"]
[SourceQuality "1"]
[WhiteTeam "Katernberg SF II"]
[BlackTeam "Ratingen"]
[WhiteTeamCountry "GER"]
[BlackTeamCountry "GER"]

1. c4 c6 2. Nf3 Nf6 3. g3 d5 4. Qa4 e6 5. cxd5 exd5 6. Bg2 Be7 7. 0-0 0-0 8. d3 Nbd7 9. Nc3 Re8 10. Qc2 Nc5 11. Rd1 Bg4 12. h3 Bxf3 13. Bxf3 Qc8 14. Bg2 Bf8 15. e4 dxe4 16. dxe4 Qe6 17. Bf4 Rad8 18. b4 Na6 19. a3 Qc8 20. Be3 Qb8 21. f4 Nd5 22. Nxd5 cxd5 23. e5 Nc7 24. Rac1 Rc8 25. Qd3 Rcd8 26. Qe2 Rd7 27. h4 f6 28. exf6 gxf6 29. Qd3 Kh8 30. Bd4 Bg7 31. Qf5 Qd8 32. Bf1 a6 33. Bd3 1-0

[Event "NRW Class1 1617"]
[Site "Germany"]
[Date "2016.10.23"]
[Round "2.2"]
[White "Buendgen, Achim"]
[Black "Busch, Christian"]
[Result "0-1"]
[WhiteElo "2183"]
[BlackElo "2140"]
[PlyCount "92"]
[EventDate "2016.09.25"]
[EventType "team-tourn"]
[EventRounds "9"]
[EventCountry "GER"]
[SourceTitle "EXT 2023"]
[Source "ChessBase"]
[SourceDate "2022.10.05"]
[SourceVersion "1"]
[SourceVersionDate "2022.10.05"]
[SourceQuality "1"]
[WhiteTeam "Neuenkirchen"]
[BlackTeam "Ratingen"]
[WhiteTeamCountry "GER"]
[BlackTeamCountry "GER"]

1. e4 d5 2. exd5 Nf6 3. Bb5+ Bd7 4. Bc4 Bg4 5. f3 Bf5 6. Nc3 Nbd7 7. Qe2 Nb6 8. Bb3 g6 9. a4 a5 10. Nb5 Bg7 11. Qe5 0-0 12. Qxc7 Qxc7 13. Nxc7 Rac8 14. Nb5 Nfxd5 15. d3 Nb4 16. Kd1 Rfd8 17. Nc3 Nc4 18. Bxc4 Rxc4 19. Nge2 Rc6 20. Nf4 e5 21. g4 Bc8 22. Nfe2 e4 23. fxe4 Bxg4 24. Re1 Rxc3 25. bxc3 Bxc3 26. Rb1 Bxe1 27. Kxe1 Nxc2+ 28. Kd2 Nb4 29. Rb3 Bd7 30. Ra3 Bc6 31. Ng3 h5 32. h4 b6 33. Bb2 Bxa4 34. Bf6 Rd7 35. d4 Bc6 36. Rc3 Kh7 37. Ke3 Bb7 38. d5 Na6 39. Rb3 Nb4 40. Bc3 Bxd5 41. exd5 Nxd5+ 42. Ke4 a4 43. Ra3 Nxc3+ 44. Rxc3 Ra7 45. Rc1 a3 46. Kd3 a2 0-1

[Event "Goch op 27th"]
[Site "Goch"]
[Date "2016.09.03"]
[Round "5"]
[White "Neumann, Horst"]
[Black "Busch, Christian"]
[Result "0-1"]
[WhiteElo "1878"]
[BlackElo "2169"]
[PlyCount "52"]
[EventDate "2016.09.01"]
[EventType "swiss"]
[EventRounds "7"]
[EventCountry "GER"]
[SourceTitle "EXT 2018"]
[Source "ChessBase"]
[SourceDate "2017.10.13"]
[SourceVersion "1"]
[SourceVersionDate "2017.10.13"]
[SourceQuality "1"]

1. d4 Nf6 2. c4 g6 3. Nc3 d5 4. cxd5 Nxd5 5. e4 Nxc3 6. bxc3 Bg7 7. Bd2 0-0 8. Bc4 c5 9. d5 Nd7 10. f4 Nf6 11. Qc2 Rb8 12. Rb1 Nxe4 13. Rb3 Bf5 14. Qc1 Nd6 15. Be2 Be4 16. Bf3 Bxf3 17. Nxf3 Nc4 18. 0-0 Qxd5 19. Rd1 Rfd8 20. Rb1 Rd6 21. Be1 Qe6 22. Ng5 Qe2 23. Rxd6 exd6 24. Qd1 Qe3+ 25. Bf2 Qxf4 26. Qd5 Nb6 0-1

[Event "Mecklenburg VP LL2 Ost 1516"]
[Site "Mecklenburg VP"]
[Date "2016.04.24"]
[Round "9.8"]
[White "Busch, Christian"]
[Black "Lanin, Boris Aleksandrovic"]
[Result "0-1"]
[WhiteElo "1366"]
[BlackElo "2112"]
[PlyCount "60"]
[EventDate "2015.09.20"]
[EventType "team-tourn"]
[EventRounds "9"]
[EventCountry "GER"]
[SourceTitle "EXT 2022"]
[Source "ChessBase"]
[SourceDate "2021.10.06"]
[SourceVersion "1"]
[SourceVersionDate "2021.10.06"]
[SourceQuality "1"]
[WhiteTeam "Stralsund FHSG II"]
[BlackTeam "Greifswald II"]
[WhiteTeamCountry "GER"]
[BlackTeamCountry "GER"]

1. e4 e5 2. Nf3 Nc6 3. Bb5 Nd4 4. Nxd4 exd4 5. d3 c6 6. Bc4 d5 7. exd5 cxd5 8. Bb3 Bc5 9. 0-0 Ne7 10. Ba4+ Bd7 11. Bxd7+ Qxd7 12. Re1 0-0 13. Bf4 Ng6 14. Bg3 Rfe8 15. Rxe8+ Rxe8 16. a3 f5 17. h3 f4 18. Bh2 f3 19. gxf3 Qxh3 20. Nd2 Nh4 21. Qf1 Qe6 22. Bg3 Qh6 23. Re1 Rf8 24. Qe2 Rf6 25. Qe8+ Bf8 26. Qe5 Kh8 27. Qe2 Qg5 28. Kf1 Qf5 29. Qe5 Qh3+ 30. Ke2 Re6 0-1

[Event "NRW Class2 1516"]
[Site "Germany"]
[Date "2016.01.10"]
[Round "5.5"]
[White "Busch, Christian"]
[Black "Tillmann, Markus"]
[Result "1/2-1/2"]
[WhiteElo "2129"]
[BlackElo "2098"]
[PlyCount "112"]
[EventDate "2015.09.27"]
[EventType "team-tourn"]
[EventRounds "9"]
[EventCountry "GER"]
[SourceTitle "EXT 2017"]
[Source "ChessBase"]
[SourceDate "2016.10.25"]
[SourceVersion "1"]
[SourceVersionDate "2016.10.25"]
[SourceQuality "1"]
[WhiteTeam "Ratingen"]
[BlackTeam "Sundern"]
[WhiteTeamCountry "GER"]
[BlackTeamCountry "GER"]

1. d4 Nf6 2. Nf3 e6 3. c4 c5 4. e3 Be7 5. Be2 0-0 6. 0-0 b6 7. Nc3 Na6 8. a3 Bb7 9. Qa4 Nc7 10. Ne5 cxd4 11. exd4 a6 12. Bg5 b5 13. cxb5 axb5 14. Qb3 d6 15. Nf3 Rb8 16. Rfc1 Ne4 17. Bxe7 Qxe7 18. Nxb5 Nd5 19. a4 g5 20. Bd3 f5 21. Qa3 Nf4 22. Rc2 g4 23. Ne1 Nxd3 24. Qxd3 Rbc8 25. Rac1 Qh4 26. g3 Qh6 27. Rxc8 Rxc8 28. Rxc8+ Bxc8 29. Qe3 Qf6 30. f3 gxf3 31. Nxf3 Bb7 32. Nc3 h6 33. Nxe4 Bxe4 34. Nd2 Bd5 35. b4 Qg6 36. Nf3 Qe8 37. b5 Qa8 38. Qxh6 Bxf3 39. Qg6+ Kf8 40. Qf6+ Kg8 41. Qxe6+ Kg7 42. Qe7+ Kg6 43. Qe6+ Kg7 44. Qe7+ Kg8 45. Qg5+ Kf7 46. Qxf5+ Ke7 47. Qg5+ Ke6 48. Qe3+ Be4 49. a5 Kd5 50. a6 Qb8 51. Kf2 Qc7 52. Qb3+ Kxd4 53. b6 Qc1 54. Qb4+ Ke5 55. b7 Qc2+ 56. Ke1 Qc1+ 1/2-1/2

[Event "Goch op 25th"]
[Site "Goch"]
[Date "2014.09.07"]
[Round "6"]
[White "Busch, Christian"]
[Black "Frericks, Harald"]
[Result "1/2-1/2"]
[WhiteElo "2167"]
[BlackElo "2259"]
[PlyCount "32"]
[EventDate "2014.09.04"]
[EventType "swiss"]
[EventRounds "7"]
[EventCountry "GER"]
[SourceTitle "EXT 2016"]
[Source "ChessBase"]
[SourceDate "2015.10.08"]
[SourceVersion "1"]
[SourceVersionDate "2015.10.08"]
[SourceQuality "1"]

1. d4 Nf6 2. c4 e6 3. g3 d5 4. Bg2 Be7 5. Nf3 0-0 6. Qc2 c5 7. 0-0 cxd4 8. Nxd4 Nc6 9. Nxc6 bxc6 10. Rd1 Ba6 11. b3 Qb6 12. Be3 Bc5 13. Bxc5 Qxc5 14. Nd2 Rfd8 15. Rac1 Rac8 16. e3 Qa3 1/2-1/2

[Event "Remote email"]
[Site "Remote email"]
[Date "2013.01.14"]
[Round "?"]
[White "Busch, Christian"]
[Black "Baer, Cy"]
[Result "1-0"]
[WhiteElo "2039"]
[BlackElo "1840"]
[PlyCount "85"]
[EventDate "2013.??.??"]
[EventType "tourn (corr)"]
[EventRounds "6"]
[EventCountry "GER"]
[SourceTitle "Corr 2015"]
[Source "ChessBase"]
[SourceDate "2015.07.17"]
[SourceVersion "1"]
[SourceVersionDate "2015.07.17"]
[SourceQuality "1"]

1. d4 d5 2. c4 c6 3. Nf3 Nf6 4. Nc3 e6 5. e3 g6 6. Qc2 Bg7 7. cxd5 cxd5 8. Bb5+ Bd7 9. b3 0-0 10. Ba3 Re8 11. 0-0 Nc6 12. Rac1 a6 13. Bd3 b5 14. Bc5 Qb8 15. b4 Ng4 16. h3 Nf6 17. a4 Nxb4 18. Bxb4 bxa4 19. Rb1 Qd8 20. Rfc1 Qc7 21. Qd2 Reb8 22. Na2 Qd8 23. Ba5 Qe8 24. Bc7 Rb3 25. Bd6 Rxd3 26. Qxd3 Ne4 27. Qa3 Bb5 28. Nc3 Bd3 29. Rb7 Nxd6 30. Qxd6 Bf8 31. Qb6 Rc8 32. Ne5 Bc4 33. Nxf7 Rc6 34. Qa7 a3 35. Ne5 Rc8 36. Rxh7 Bb5 37. Ng4 Be7 38. Rxe7 Qf8 39. Rxe6 Be8 40. Nf6+ Qxf6 41. Rxf6 a2 42. Qe7 Bb5 43. Rxg6+ 1-0

[Event "Nettetal op"]
[Site "Nettetal"]
[Date "2010.07.06"]
[Round "4"]
[White "Busch, Christian"]
[Black "Van der Grinten, Bas"]
[Result "1-0"]
[WhiteElo "2122"]
[BlackElo "1938"]
[PlyCount "69"]
[EventDate "2010.07.03"]
[EventType "swiss"]
[EventRounds "9"]
[EventCountry "GER"]
[SourceTitle "CBM 137 Extra"]
[Source "ChessBase"]
[SourceDate "2010.09.01"]
[SourceVersion "1"]
[SourceVersionDate "2010.09.01"]
[SourceQuality "1"]

1. d4 Nf6 2. c4 e6 3. g3 c5 4. Nf3 cxd4 5. Nxd4 Nc6 6. Bg2 a6 7. 0-0 e5 8. Nc2 d6 9. Nc3 Be7 10. b3 0-0 11. Bb2 Bd7 12. Qd2 Rb8 13. Ba3 Qa5 14. b4 Qc7 15. Ne3 Be6 16. Rac1 Qd7 17. Ncd5 Nd4 18. Bb2 Nf5 19. Nxe7+ Qxe7 20. Nxf5 Bxf5 21. Qg5 Bg4 22. c5 Bxe2 23. Rfe1 Bb5 24. cxd6 Qe6 25. Bxe5 Rfe8 26. h4 h6 27. Qf4 Nd7 28. Bc3 Qxa2 29. Qg4 f6 30. Qh5 Nb6 31. Bd4 Qd2 32. Red1 Qxb4 33. Bxb6 Be2 34. Qd5+ Kh8 35. Ba5 1-0

[Event "GER-chT U20"]
[Site "Chemnitz"]
[Date "2009.12.30"]
[Round "7.3"]
[White "Busch, Christian"]
[Black "Penne, Bo"]
[Result "1/2-1/2"]
[WhiteElo "1703"]
[BlackElo "1990"]
[PlyCount "67"]
[EventDate "2009.12.27"]
[EventType "team-swiss"]
[EventRounds "7"]
[EventCountry "GER"]
[SourceTitle "EXT 2022"]
[Source "ChessBase"]
[SourceDate "2021.10.06"]
[SourceVersion "1"]
[SourceVersionDate "2021.10.06"]
[SourceQuality "1"]
[WhiteTeam "Walldorf U20"]
[BlackTeam "Potsdam USV U20"]
[WhiteTeamCountry "GER"]
[BlackTeamCountry "GER"]

1. c4 e6 2. Nc3 d5 3. d4 Nf6 4. Nf3 Nbd7 5. Bg5 c6 6. cxd5 exd5 7. e3 Bd6 8. Bd3 0-0 9. 0-0 h6 10. Bh4 Re8 11. a3 a5 12. Qc2 Nf8 13. Bg3 Bxg3 14. hxg3 Qd6 15. Na4 Qc7 16. b4 axb4 17. axb4 Be6 18. b5 N8d7 19. bxc6 bxc6 20. Rfc1 Rec8 21. Nc5 Rxa1 22. Rxa1 Nxc5 23. Qxc5 Nd7 24. Qa7 Qd6 25. Qb7 Rb8 26. Ra8 Rxa8 27. Qxa8+ Nf8 28. Qa5 Nd7 29. Qa6 g6 30. Bc2 Qc7 31. Ba4 Nb6 32. Qa5 Qb7 33. Qb4 Qc7 34. Qa5 1/2-1/2

[Event "Goch op 18th"]
[Site "Goch"]
[Date "2007.10.07"]
[Round "6"]
[White "Busch, Christian"]
[Black "Braemigk, Uwe"]
[Result "1/2-1/2"]
[WhiteElo "2139"]
[BlackElo "2009"]
[PlyCount "86"]
[EventDate "2007.10.04"]
[EventType "swiss"]
[EventRounds "7"]
[EventCountry "GER"]
[SourceTitle "EXT 2011"]
[Source "ChessBase"]
[SourceDate "2010.11.26"]
[SourceVersion "1"]
[SourceVersionDate "2010.11.26"]
[SourceQuality "1"]

1. d4 g6 2. Nf3 Bg7 3. c4 d6 4. g3 Nc6 5. d5 Ne5 6. Nd4 c5 7. dxc6 Nxc6 8. Nxc6 bxc6 9. Bg2 Bd7 10. Qc2 Nf6 11. Nc3 0-0 12. 0-0 Rb8 13. Bd2 Re8 14. b3 d5 15. cxd5 cxd5 16. Rac1 Rc8 17. Qd3 e6 18. Rfd1 Qb6 19. e3 Bc6 20. Rc2 Nd7 21. Rdc1 Rcd8 22. Qe2 Ne5 23. f4 Nd7 24. Qe1 Rc8 25. Na4 Qb7 26. Nb2 Bb5 27. Bc3 Qb6 28. Bxg7 Rxc2 29. Rxc2 Kxg7 30. Qc3+ Kg8 31. Kf2 e5 32. Bxd5 exf4 33. gxf4 Nf6 34. Bf3 Qe6 35. a4 Ba6 36. Nc4 Ng4+ 37. Bxg4 Qxg4 38. Qf6 Bxc4 39. Rxc4 Qh3 40. Rc3 Qxh2+ 41. Kf3 Qg1 42. Qd4 Qf1+ 43. Kg3 Qg1+ 1/2-1/2

[Event "Goch op 18th"]
[Site "Goch"]
[Date "2007.10.07"]
[Round "7"]
[White "Haverkamp, Klaus"]
[Black "Busch, Christian"]
[Result "0-1"]
[WhiteElo "2026"]
[BlackElo "2139"]
[PlyCount "98"]
[EventDate "2007.10.04"]
[EventType "swiss"]
[EventRounds "7"]
[EventCountry "GER"]
[SourceTitle "EXT 2011"]
[Source "ChessBase"]
[SourceDate "2010.11.26"]
[SourceVersion "1"]
[SourceVersionDate "2010.11.26"]
[SourceQuality "1"]

1. e4 d5 2. exd5 Nf6 3. d4 Nxd5 4. Nf3 Bf5 5. c3 c6 6. Bc4 e6 7. 0-0 Be7 8. Re1 Nd7 9. Nbd2 0-0 10. Ne4 h6 11. Bd2 Qc7 12. b4 N5f6 13. Ng3 Bh7 14. a4 Bd6 15. Qb3 Rfe8 16. Rac1 Rad8 17. Qa2 Ng4 18. Rxe6 fxe6 19. Bxe6+ Kh8 20. Bxg4 Nf6 21. Be6 Ne4 22. Re1 Nxd2 23. Qxd2 Bf4 24. Qd1 Qd6 25. Bc4 Qg6 26. b5 Qc2 27. Rxe8+ Rxe8 28. Qxc2 Bxc2 29. bxc6 bxc6 30. a5 Ba4 31. d5 Bb5 32. Bxb5 cxb5 33. Nd4 Re1+ 34. Nf1 a6 35. g3 Bc7 36. Nb3 Rb1 37. Nc5 Bxa5 38. Kg2 Bxc3 39. Nxa6 b4 40. Ne3 b3 41. Kf3 Ra1 42. Nc7 b2 43. d6 b1Q 44. d7 Bf6 45. Ned5 Qf5+ 46. Nf4 g5 47. Nce6 Ra3+ 48. Kg2 gxf4 49. d8Q+ Bxd8 0-1

[Event "Goch op 18th"]
[Site "Goch"]
[Date "2007.10.05"]
[Round "2"]
[White "Busch, Christian"]
[Black "Nent, Alexander"]
[Result "1-0"]
[WhiteElo "2139"]
[BlackElo "1771"]
[PlyCount "47"]
[EventDate "2007.10.04"]
[EventType "swiss"]
[EventRounds "7"]
[EventCountry "GER"]
[SourceTitle "EXT 2011"]
[Source "ChessBase"]
[SourceDate "2010.11.26"]
[SourceVersion "1"]
[SourceVersionDate "2010.11.26"]
[SourceQuality "1"]

1. d4 Nf6 2. Nf3 e6 3. c4 b6 4. g3 Ba6 5. Qc2 d5 6. cxd5 exd5 7. Bg2 Be7 8. Bf4 Bd6 9. Ne5 Bb7 10. Qa4+ c6 11. Nc3 0-0 12. 0-0 Nh5 13. Bd2 Qc7 14. f4 Nf6 15. Rac1 Qe7 16. a3 c5 17. e3 Qe8 18. Qxe8 Rxe8 19. Nb5 Rd8 20. Nxd6 Rxd6 21. dxc5 bxc5 22. Rxc5 Ne4 23. Rc2 Nd7 24. Bb4 1-0

[Event "Goch op 13th"]
[Site "Goch"]
[Date "2002.10.04"]
[Round "3"]
[White "Kveinys, Aloyzas"]
[Black "Busch, Christian"]
[Result "1-0"]
[WhiteElo "2556"]
[BlackElo "2138"]
[PlyCount "51"]
[EventDate "2002.10.03"]
[EventType "swiss"]
[EventRounds "7"]
[EventCountry "GER"]
[SourceTitle "EXT 2004"]
[Source "ChessBase"]
[SourceDate "2003.11.25"]
[SourceVersion "1"]
[SourceVersionDate "2003.11.25"]
[SourceQuality "1"]

1. e4 d5 2. exd5 Nf6 3. d4 Nxd5 4. Be2 Bf5 5. Nf3 e6 6. 0-0 Be7 7. a3 0-0 8. c4 Nf6 9. Nc3 Ne4 10. Qb3 Nxc3 11. bxc3 Qc8 12. Be3 c6 13. a4 Na6 14. c5 Be4 15. Nd2 Bf5 16. Bf4 Nc7 17. Nc4 Nd5 18. Bg3 b6 19. cxb6 axb6 20. Nxb6 Qb7 21. a5 Ra7 22. c4 Nb4 23. c5 Na6 24. Bf3 Rd8 25. Rfd1 Bf6 26. Qa4 1-0